000 01826nam0a2200349 i 4500
001 RU\NLR\BIBL_A\010848338
005 20260408104417.0
010 _a9785990505735
_9300
021 _aRU
_b2015-63143
_93760
035 _a(NLR Aleph) 010848338
090 _a10363692
_c10363692
100 _a20150928d2015 k y0rusy50 ca
101 0 _arus
102 _aRU
105 _a |||z|||000yy
200 1 _aМониторинг технического состояния и режимов эксплуатации локомотивов в ТМХ-Сервис
_eтеория и практика
_eмонография
_f[К. В. Липа, А.А. Белинский, В.Н. Пустовой и др.
_gобщ. ред. : д.т.н., проф. И. К. Лакин]
_gЛокоТех. ООО "Локомотив. технологии", ООО "ТМХ-Сервис"
210 _aМосква
_cЛокомотивные технологии
_d2015
215 _a211 с.
_cил., цв. ил.
_d21
300 _aАвт. указаны на обороте тит. л.
320 _aБиблиогр.: с. 204-211 (34 назв.)
606 1 _aЛокомотивы
_xТехническая диагностика
_xОборудование
_xАвтоматизация
_92074200
_3RU\NLR\AUTH\661249179
675 _a629.42
686 1 _aО23-082.05-5-05
701 1 _aЛипа
_bК. В.
701 1 _aБелинский
_bА.А.
701 1 _aПустовой
_bВ.Н.
702 1 _4340
_8rus
_7ca
_aЛакин
_bИ. К.
_f1960-
_gИгорь Капитонович
_3RU\NLR\AUTH\77102302
_985228
711 0 2 _a"ТМХ-Сервис", общество с ограниченной ответственностью
_cМосква
_3RU\NLR\AUTH\8810244021
_9373879
942 _cBOOK
980 _aNBR